Essentials of pathophysiology for nursing practice / (Record no. 78954)
[ view plain ]
| 000 -LEADER | |
|---|---|
| fixed length control field | 02514nam a2200337Ia 4500 |
| 003 - CONTROL NUMBER IDENTIFIER | |
| control field | URS |
| 005 - DATE AND TIME OF LATEST TRANSACTION | |
| control field | 20240812225029.0 |
| 008 - FIXED-LENGTH DATA ELEMENTS--GENERAL INFORMATION | |
| fixed length control field | 240418s9999 xx 000 0 und d |
| 020 ## - INTERNATIONAL STANDARD BOOK NUMBER | |
| International Standard Book Number | 9781529775952 (paperback) |
| 040 ## - CATALOGING SOURCE | |
| Language of cataloging | English |
| Transcribing agency | URS |
| Description conventions | rda |
| 050 ## - LIBRARY OF CONGRESS CALL NUMBER | |
| Classification number | RB113 |
| Item number | .C66 2022 |
| 245 #0 - TITLE STATEMENT | |
| Title | Essentials of pathophysiology for nursing practice / |
| Statement of responsibility, etc | Neal Cook [and three others]. |
| 264 ## - PUBLICATION, DISTRIBUTION, ETC. (IMPRINT) | |
| Place of publication, distribution, etc | Los Angeles : |
| Name of publisher, distributor, etc | SAGE, |
| Date of publication, distribution, etc | ©2022. |
| 300 ## - PHYSICAL DESCRIPTION | |
| Extent | xlv, 737 pages : |
| Other physical details | color illustrations ; |
| Dimensions | 26 cm. |
| 336 ## - CONTENT TYPE | |
| Content type term | text |
| Content type code | txt |
| Source | rdacontent |
| 337 ## - MEDIA TYPE | |
| Media type term | unmediated |
| Media type code | n |
| Source | rdamedia |
| 338 ## - CARRIER TYPE | |
| Carrier type term | volume |
| Carrier type code | nc |
| Source | rdacarrier |
| 500 ## - GENERAL NOTE | |
| General note | Revised edition of: Essentials of pathophysiology for nursing practice / Neal Cook, Andrea Shepherd, Jennifer Boore, Stephanie Dunleavy ; foreword by Brendan McCormack and Tanya McCance. |
| 504 ## - BIBLIOGRAPHY, ETC. NOTE | |
| Bibliography, etc | Includes bibliographical references and index. |
| 505 ## - FORMATTED CONTENTS NOTE | |
| Formatted contents note | "Giving nurses the pathophysiology knowledge to thrive in modern practice combining all the benefits of traditional textbook learning with additional videos and online resources that take your further. Using the person-centred practice framework as its guiding principle, the book explores the scientific principles that underpin health, illness and the main causes of disease. It covers specific disorders, including a new section on the pathology of Covid-19, and applies theory to practice throughout. Key features: See and learn: over 100 integrated video links providing insights and short explanations Full-colour diagrams and figures: all chapters supported by colourful, reader-friendly illustrations. Person-centred bioscience: a fictional family woven through the book encourages students to think holistically about pathophysiology and consider the lived-experiences of different conditions and illnesses. Online resources: access to online materials for lecturers and students, including multiple choice questions, video links, flashcards, a lecturer test bank, image bank and a media teaching guide"-- Provided by publisher. |
| 650 #0 - SUBJECT ADDED ENTRY--TOPICAL TERM | |
| Topical term or geographic name as entry element | Physiology, Pathological |
| General subdivision | Textbooks. |
| 9 (RLIN) | 5948 |
| 650 #0 - SUBJECT ADDED ENTRY--TOPICAL TERM | |
| Topical term or geographic name as entry element | Nursing |
| General subdivision | Textbooks. |
| 9 (RLIN) | 1348 |
| 650 #0 - SUBJECT ADDED ENTRY--TOPICAL TERM | |
| Topical term or geographic name as entry element | Patient-centered health care |
| General subdivision | Textbooks. |
| 9 (RLIN) | 5949 |
| 700 ## - ADDED ENTRY--PERSONAL NAME | |
| Personal name | Cook, Neal, |
| Relator term | author. |
| 9 (RLIN) | 5955 |
| 700 ## - ADDED ENTRY--PERSONAL NAME | |
| Personal name | Shepherd, Andrea, |
| Relator term | author. |
| 9 (RLIN) | 5950 |
| 700 ## - ADDED ENTRY--PERSONAL NAME | |
| Personal name | Dunleavy, Stephanie, |
| Relator term | author. |
| 9 (RLIN) | 5951 |
| 700 ## - ADDED ENTRY--PERSONAL NAME | |
| Personal name | McCauley, Claire, |
| Relator term | author. |
| 9 (RLIN) | 5952 |
| 700 ## - ADDED ENTRY--PERSONAL NAME | |
| Personal name | McCormack, Brendan, |
| Relator term | author of foreword. |
| 9 (RLIN) | 5953 |
| 700 ## - ADDED ENTRY--PERSONAL NAME | |
| Personal name | McCance, Tanya, |
| Relator term | author of foreword. |
| 9 (RLIN) | 5954 |
| 942 ## - ADDED ENTRY ELEMENTS (KOHA) | |
| Koha item type | Reserved Books |
| Source of classification or shelving scheme | Library of Congress Classification |
| Withdrawn status | Lost status | Source of classification or shelving scheme | Damaged status | Not for loan | Collection code | Home library | Current library | Shelving location | Date acquired | Source of acquisition | Total Checkouts | Full call number | Barcode | Date last seen | Copy number | Koha item type |
|---|---|---|---|---|---|---|---|---|---|---|---|---|---|---|---|---|
| Library of Congress Classification | Non-fiction | Taytay College Library | Taytay College Library | Reserve Section | 10/05/2023 | Purchased | RB113 .C66 2022 | URSTAY-5314 | 06/03/2025 | 1 | Reserved Books |